000 00272nam a22001337a 4500
082 _a823
_bHER/P
100 _aHERSLEY, LORRAINE
245 _aPIRATES
246 _aPIRATES
_bPIRATES
260 _aLONDON
_bLADYBIRD
300 _a29
650 _aENGLISH STORY
942 _cBK
999 _c8772
_d8772